[Event "ch-FRA w 2013"]
[Site "Nancy FRA"]
[Date "2013.08.17"]
[Round "6.4"]
[White "Delorme, Laurie"]
[Black "Collas, Silvia"]
[Result "1/2-1/2"]
[WhiteTitle "WIM"]
[BlackTitle "IM"]
[WhiteElo "2183"]
[BlackElo "2286"]
[WhiteFideId "630829"]
[BlackFideId "2902265"]
[EventDate "2013.08.11"]

1. d4 Nf6 2. c4 e6 3. Nc3 Bb4 4. Bg5 h6 5. Bh4 c5 6. d5 b5 7. e4 d6 8. Bd3 exd5
9. exd5 O-O 10. Ne2 bxc4 11. Bxc4 Ba6 12. Bxa6 Nxa6 13. O-O Re8 14. a3 Bxc3 15.
Nxc3 Rb8 16. Rb1 Nc7 17. Qf3 Rb3 18. Qd1 Rb7 19. Qd3 a5 20. Qc4 Qe7 21. b4 axb4
22. axb4 cxb4 23. Rxb4 Rxb4 24. Qxb4 Ncxd5 25. Nxd5 Nxd5 26. Bxe7 Nxb4 27. Bxd6
Nd3 28. Bg3 f5 29. f4 Re4 30. Rf3 Rd4 31. Bf2 Nxf2 32. Kxf2 Kf7 33. h3 Kf6 34.
g3 Rd2+ 35. Ke3 Rh2 36. h4 Ra2 37. Kd4 Kg6 38. Re3 Kh5 39. Ke5 Kg4 40. Ke6 Ra7
41. Rb3 h5 42. Rc3 g6 1/2-1/2

[Event "ch-FRA w 2013"]
[Site "Nancy FRA"]
[Date "2013.08.18"]
[Round "7.1"]
[White "Maisuradze, Nino"]
[Black "Congiu, Mathilde"]
[Result "1/2-1/2"]
[WhiteTitle "WGM"]
[BlackTitle "WIM"]
[WhiteElo "2288"]
[BlackElo "2190"]
[WhiteFideId "13601717"]
[BlackFideId "634581"]
[EventDate "2013.08.11"]

1. d4 Nf6 2. Nf3 g6 3. Bg5 Bg7 4. c3 d6 5. Nbd2 Nbd7 6. e4 h6 7. Bh4 Nh5 8. Bc4
g5 9. Bg3 e6 10. O-O Qe7 11. a4 O-O 12. a5 Nxg3 13. hxg3 c5 14. Re1 g4 15. Nh2
cxd4 16. cxd4 Bxd4 17. Nxg4 Bg7 18. Qe2 Nf6 19. e5 Nxg4 20. Qxg4 dxe5 21. Rxe5
Kh8 22. Rh5 e5 23. Qe2 f5 24. Nf3 e4 25. Rd1 Be6 26. Nh4 Kh7 27. Bxe6 Qxe6 28.
Qb5 e3 29. fxe3 Qxe3+ 30. Kh1 Qxg3 31. Nxf5 Qg4 32. Ne3 Qg6 33. Qd3 Rad8 34.
Qxg6+ Kxg6 35. Rxd8 Rxd8 36. Rb5 Re8 37. Nc4 Re7 38. Kg1 Bd4+ 39. Kf1 Rc7 40. b3
Kf6 41. Nd6 Rc1+ 42. Ke2 b6 43. axb6 Bxb6 44. Nc4 Bg1 45. g4 Rc3 46. Rf5+ 1/2-1/2

[Event "ch-FRA w 2013"]
[Site "Nancy FRA"]
[Date "2013.08.18"]
[Round "7.2"]
[White "Milliet, Sophie"]
[Black "Delorme, Laurie"]
[Result "0-1"]
[WhiteTitle "IM"]
[BlackTitle "WIM"]
[WhiteElo "2401"]
[BlackElo "2183"]
[WhiteFideId "623725"]
[BlackFideId "630829"]
[EventDate "2013.08.11"]

1. e4 e5 2. Nf3 Nc6 3. Bb5 a6 4. Ba4 Nf6 5. O-O Be7 6. Re1 b5 7. Bb3 O-O 8. d4
exd4 9. e5 Ne8 10. c3 d5 11. cxd4 Na5 12. Bc2 c6 13. Qd3 g6 14. Qe3 Ng7 15. Qh6
Ne6 16. h4 Re8 17. Ng5 Nxg5 18. hxg5 Nc4 19. b3 Bb4 20. Rd1 Bg4 21. bxc4 Bxd1
22. Bxd1 dxc4 23. Bb2 Rxe5 24. dxe5 Qxd1+ 25. Kh2 Qc2 26. Ba3 Bxa3 27. Nxa3 Qc3
28. Rd1 Qxa3 29. e6 Qe7 30. exf7+ Qxf7 31. Qh3 Qf5 32. Qe3 Rf8 33. Kg1 a5 34. f3
b4 35. Rd6 c3 36. Rxc6 Rc8 37. Rxc8+ Qxc8 38. Qe5 Qc6 39. Qb8+ Kf7 40. Qf4+ Ke7
41. Qe5+ Kd7 42. Qg7+ Kc8 43. Qf8+ Kb7 44. Qe7+ Kb6 45. Qd8+ Qc7 46. Qf6+ Kb7
47. Qe6 Qb6+ 0-1

[Event "ch-FRA w 2013"]
[Site "Nancy FRA"]
[Date "2013.08.18"]
[Round "7.4"]
[White "Safranska, Anda"]
[Black "Navrotescu, Andreea-Cristiana"]
[Result "1-0"]
[WhiteTitle "WGM"]
[BlackTitle "WFM"]
[WhiteElo "2312"]
[BlackElo "2110"]
[WhiteFideId "11600209"]
[BlackFideId "675946"]
[EventDate "2013.08.11"]

1. g3 f5 2. d4 Nf6 3. Bg2 g6 4. c3 Bg7 5. Nh3 d5 6. Nd2 e6 7. Nf3 Ne4 8. Nf4 O-O
9. Nd3 Nd7 10. O-O c5 11. dxc5 Ndxc5 12. Be3 Qe7 13. Bd4 Bd7 14. Nfe5 b6 15. f3
Nf6 16. b4 Nb7 17. a4 Nd6 18. e3 Rfc8 19. a5 Nb5 20. axb6 axb6 21. Rxa8 Rxa8 22.
Bxb6 Nxc3 23. Qd2 Nb5 24. Bc5 Qd8 25. g4 Ra6 26. g5 Ne8 27. e4 Bc6 28. exf5 exf5
29. f4 Ba8 30. Rd1 d4 31. Ne1 Bxg2 32. Qxg2 Bxe5 33. fxe5 Nec7 34. h4 Ne6 35.
Qb7 Nbc7 36. Bd6 Rxd6 37. exd6 Qxd6 38. Qf3 Qxb4 39. Nd3 Qd6 40. Ra1 Qd5 41.
Qxd5 Nxd5 42. Ra7 Ndc7 43. Ne5 Kg7 44. Kf2 h6 45. Ke2 hxg5 46. hxg5 Kh7 47. Kd3
Kg7 48. Kc4 Kh7 49. Nf3 Kg8 50. Ra1 Kf8 51. Rh1 Kg7 52. Rh2 Ne8 53. Kd5 N8c7+
54. Kd6 d3 55. Rd2 Kf7 56. Ne5+ Kg7 57. Rxd3 f4 58. Nf3 Kf7 59. Ne5+ Kg7 60. Rd1
Kh7 61. Nf3 Kg7 62. Rc1 Kf7 63. Ne5+ Ke8 64. Rg1 Kd8 65. Rb1 Kc8 66. Nxg6 1-0

[Event "ch-FRA w 2013"]
[Site "Nancy FRA"]
[Date "2013.08.18"]
[Round "7.5"]
[White "Richard, Emma"]
[Black "Leconte, Maria"]
[Result "0-1"]
[BlackTitle "WGM"]
[WhiteElo "2108"]
[BlackElo "2246"]
[WhiteFideId "657590"]
[BlackFideId "618446"]
[EventDate "2013.08.11"]

1. e4 c5 2. Nf3 a6 3. c3 e6 4. d4 d5 5. exd5 exd5 6. Bd3 Nf6 7. O-O c4 8. Bc2
Be7 9. Re1 Bg4 10. Nbd2 O-O 11. Nf1 Bd6 12. Bg5 h6 13. Bh4 Nbd7 14. Ne3 Qc7 15.
Bg3 Bxg3 16. hxg3 Be6 17. Bf5 Rfe8 18. Qc2 Re7 19. g4 Qf4 20. Nh4 Rae8 21. g3
Qd6 22. Kg2 Nf8 23. Rh1 N8h7 24. Bxh7+ Nxh7 25. Nhf5 Qd7 26. Nxe7+ Qxe7 27. Rae1
Qf6 28. f3 Rd8 29. f4 Nf8 30. Rh5 Bd7 31. g5 hxg5 32. Reh1 g6 33. Rxg5 Be6 34.
Qd2 Qe7 35. Ng4 f6 36. Nh6+ Kg7 37. Rg4 Bxg4 38. Nxg4 Qe4+ 39. Kh2 Ne6 40. Nf2
Rh8+ 41. Kg1 Rxh1+ 42. Nxh1 g5 43. Qg2 gxf4 44. Qxe4 dxe4 45. gxf4 Nxf4 46. Ng3
Nd3 47. b3 cxb3 48. axb3 Nc1 49. b4 e3 50. Nf5+ Kf7 51. Kf1 e2+ 52. Ke1 Ke6 53.
Ne3 Na2 54. Kxe2 Nxc3+ 55. Kd3 Nd5 56. Nc2 b5 57. Ke4 f5+ 58. Kd3 Ne7 59. Ne3 f4
60. Nc2 Kf5 61. d5 Nxd5 62. Kd4 Nxb4 63. Nxb4 a5 64. Nc2 a4 65. Kc5 f3 66. Kxb5
Ke4 67. Na3 f2 68. Nc4 f1=Q 0-1

[Event "ch-FRA w 2013"]
[Site "Nancy FRA"]
[Date "2013.08.18"]
[Round "7.6"]
[White "Choisy, Mathilde"]
[Black "Hamdouchi, Adina-Maria"]
[Result "1-0"]
[WhiteTitle "WFM"]
[BlackTitle "WGM"]
[WhiteElo "2150"]
[BlackElo "2211"]
[WhiteFideId "634565"]
[BlackFideId "1206435"]
[EventDate "2013.08.11"]

1. e4 g6 2. d4 d6 3. Nc3 Nf6 4. Be3 a6 5. a4 Bg7 6. h3 O-O 7. Nf3 b6 8. Bd3 Bb7
9. O-O Nbd7 10. Nd2 e6 11. Ne2 c5 12. c3 e5 13. d5 Ne8 14. Qb1 Bc8 15. b4 Rb8
16. Qc2 b5 17. axb5 axb5 18. c4 bxc4 19. Nxc4 Rxb4 20. Bd2 Rb8 21. Na5 Bb7 22.
Rfb1 Ba8 23. Nc4 Rxb1+ 24. Qxb1 f5 25. f3 fxe4 26. Bxe4 Ndf6 27. Qb6 Qc8 28. Nc3
Qb7 29. Ra7 Qc8 30. Nxd6 Nxd6 31. Qxd6 c4 32. Qe7 Ne8 33. Bh6 1-0

[Event "ch-FRA w 2013"]
[Site "Nancy FRA"]
[Date "2013.08.19"]
[Round "8.1"]
[White "Hamdouchi, Adina-Maria"]
[Black "Congiu, Mathilde"]
[Result "0-1"]
[WhiteTitle "WGM"]
[BlackTitle "WIM"]
[WhiteElo "2211"]
[BlackElo "2190"]
[WhiteFideId "1206435"]
[BlackFideId "634581"]
[EventDate "2013.08.11"]

1. Nf3 Nf6 2. g3 g6 3. b3 Bg7 4. Bb2 d6 5. d4 c5 6. c4 Ne4 7. Bg2 Qa5+ 8. Nfd2
Nxd2 9. Qxd2 Qxd2+ 10. Nxd2 Bxd4 11. Bxd4 cxd4 12. Nf3 Nc6 13. O-O-O e5 14. e3
dxe3 15. fxe3 Ke7 16. Ng5 Bf5 17. Bd5 Raf8 18. Rd2 f6 19. Ne4 Bxe4 20. Bxe4 f5
21. Bd5 h5 22. Rg1 e4 23. Rgd1 Rd8 24. h4 Rd7 25. c5 dxc5 26. Bxc6 Rxd2 27. Rxd2
bxc6 28. Rc2 Kd6 29. Rd2+ Kc7 30. Rc2 Rd8 31. Rc3 Kb6 32. Kc2 g5 33. Kc1 gxh4
34. gxh4 f4 35. exf4 Rf8 36. Rh3 Rxf4 37. Kd2 Kb5 38. Ke3 Rf3+ 39. Rxf3 exf3 40.
Kxf3 c4 41. bxc4+ Kxc4 42. Kf4 Kd4 43. Kg5 c5 44. Kxh5 c4 45. Kg6 c3 46. h5 c2
47. h6 c1=Q 48. h7 Qg1+ 49. Kh6 Qh2+ 0-1

[Event "ch-FRA w 2013"]
[Site "Nancy FRA"]
[Date "2013.08.19"]
[Round "8.2"]
[White "Martsynovskaya, Marina"]
[Black "Milliet, Sophie"]
[Result "1/2-1/2"]
[WhiteTitle "WIM"]
[BlackTitle "IM"]
[WhiteElo "2156"]
[BlackElo "2401"]
[WhiteFideId "609218"]
[BlackFideId "623725"]
[EventDate "2013.08.11"]

1. e4 c5 2. Nf3 Nc6 3. d4 cxd4 4. Nxd4 g6 5. Nc3 Bg7 6. Be3 Nf6 7. Be2 O-O 8.
O-O d5 9. exd5 Nb4 10. Bf3 Nbxd5 11. Nxd5 Nxd5 12. Bg5 h6 13. Bc1 Nb6 14. c3 a6
15. b3 Qc7 16. Bb2 Rd8 17. Qc1 e5 18. Nc2 Nd7 19. Rd1 Nc5 20. Rxd8+ Qxd8 21. Qe3
Qd3 22. Qxd3 Nxd3 23. Ba3 Bf5 24. Bxb7 Ra7 25. Bd5 Nf4 26. Ne3 Ne2+ 27. Kf1 Nxc3
28. Bc4 e4 29. Bb2 a5 30. Nxf5 gxf5 31. Bxc3 Bxc3 32. Rd1 Kg7 33. Ke2 Bb4 34.
Rd5 Kf6 35. Ke3 Ba3 36. f3 Bc1+ 37. Ke2 a4 38. fxe4 fxe4 39. Rd1 Ba3 40. bxa4
Rxa4 41. Rf1+ Ke5 42. Bxf7 Ra7 43. g4 1/2-1/2

[Event "ch-FRA w 2013"]
[Site "Nancy FRA"]
[Date "2013.08.19"]
[Round "8.3"]
[White "Navrotescu, Andreea-Cristiana"]
[Black "Collas, Silvia"]
[Result "1-0"]
[WhiteTitle "WFM"]
[BlackTitle "IM"]
[WhiteElo "2110"]
[BlackElo "2286"]
[WhiteFideId "675946"]
[BlackFideId "2902265"]
[EventDate "2013.08.11"]

1. d4 Nf6 2. Nf3 e6 3. e3 b6 4. Bd3 Bb7 5. O-O c5 6. c4 Be7 7. Nc3 O-O 8. d5
exd5 9. cxd5 d6 10. e4 a6 11. a4 Nbd7 12. h3 Ne8 13. Bf4 Bf6 14. Qd2 Ne5 15.
Nxe5 dxe5 16. Be3 Qc7 17. f4 exf4 18. Bxf4 Be5 19. Kh1 f6 20. Bxe5 Qxe5 21. Rf5
Qe7 22. Raf1 Nd6 23. R5f4 Qe5 24. Qf2 Rac8 25. Nd1 c4 26. Bb1 b5 27. axb5 axb5
28. Ne3 b4 29. Ng4 Qe7 30. e5 fxe5 31. Rxf8+ Rxf8 32. Bxh7+ Kxh7 33. Qxf8 Qxf8
34. Rxf8 c3 35. bxc3 b3 36. Nxe5 Bxd5 37. Nd3 Nc4 38. Rf2 g5 39. Nb2 Ne3 40. Kh2
Kg6 41. g4 Nc4 42. Nxc4 Bxc4 43. Rf8 Bd3 44. Rb8 Bc2 45. Rb6+ Kf7 46. Kg3 Ke7
47. h4 gxh4+ 48. Kxh4 Kd7 49. Kg5 Kc7 50. Rb4 Kd6 51. Kf6 1-0

[Event "ch-FRA w 2013"]
[Site "Nancy FRA"]
[Date "2013.08.20"]
[Round "9.1"]
[White "Congiu, Mathilde"]
[Black "Leconte, Maria"]
[Result "1/2-1/2"]
[WhiteTitle "WIM"]
[BlackTitle "WGM"]
[WhiteElo "2190"]
[BlackElo "2246"]
[WhiteFideId "634581"]
[BlackFideId "618446"]
[EventDate "2013.08.11"]

1. d4 f5 2. e3 Nf6 3. Bd3 e6 4. Ne2 d5 5. b3 c6 6. c3 Bd6 7. Ba3 Bxa3 8. Nxa3
O-O 9. Nc2 Nbd7 10. O-O Ne4 11. f3 Nd6 12. c4 b6 13. Rc1 dxc4 14. Bxc4 Nxc4 15.
bxc4 Nf6 16. Nb4 Bb7 17. Nd3 Qe7 18. c5 Rfd8 19. Qb3 Ba6 20. cxb6 Bxd3 21. Qxd3
axb6 22. Rxc6 Nd5 23. Qd2 Nb4 24. Rxb6 Rxa2 25. Qxb4 Qxb4 26. Rxb4 Rxe2 27. Rfb1
Rxe3 28. Rb8 Rxb8 29. Rxb8+ Kf7 30. Kf2 Rd3 31. Rb4 Rd2+ 32. Kg3 Kf6 33. h4 g6
34. Ra4 h6 35. Rb4 g5 36. hxg5+ hxg5 37. Ra4 f4+ 38. Kh3 Rd1 39. Kh2 Kf5 40.
Ra5+ Kf6 41. Ra4 g4 42. fxg4 Kg5 43. Ra5+ Kh4 44. Rh5+ Kxg4 45. Re5 Rd2 46. Rxe6
f3 47. Rg6+ Kf5 48. Rg3 Rxg2+ 49. Rxg2 fxg2 50. Kxg2 Ke4 1/2-1/2

[Event "ch-FRA w 2013"]
[Site "Nancy FRA"]
[Date "2013.08.20"]
[Round "9.2"]
[White "Safranska, Anda"]
[Black "Hamdouchi, Adina-Maria"]
[Result "1/2-1/2"]
[WhiteTitle "WGM"]
[BlackTitle "WGM"]
[WhiteElo "2312"]
[BlackElo "2211"]
[WhiteFideId "11600209"]
[BlackFideId "1206435"]
[EventDate "2013.08.11"]

1. Nf3 Nf6 2. g3 g6 3. Bg2 Bg7 4. d3 d5 5. O-O O-O 6. Nbd2 Nc6 7. c3 e5 8. Qc2
a5 9. a4 Re8 10. e4 h6 11. Re1 Be6 12. h3 Qd7 13. Kh2 Rad8 14. Bf1 Qc8 15. Nb3
Bf8 16. Ng1 b6 17. Nd2 Bg7 18. Ndf3 Nd7 19. Rb1 f5 20. Nh4 Nf8 21. exf5 gxf5 22.
f4 e4 23. d4 Ne7 24. Be3 c5 25. Qf2 Nd7 26. Bb5 c4 27. Ne2 Rf8 28. b3 Nf6 29.
Bc1 Kh7 30. Ba3 Rf7 31. Ng2 Rg8 32. Ne3 Bf8 33. Red1 cxb3 34. Rxb3 Nc6 35. Bxf8
Rgxf8 36. Nc1 Rc7 37. Qb2 Ne7 38. Qa3 Ng6 39. Ne2 Rd8 40. Rc1 Nh5 41. Rg1 Rg7 1/2-1/2

[Event "ch-FRA w 2013"]
[Site "Nancy FRA"]
[Date "2013.08.20"]
[Round "9.3"]
[White "Collas, Silvia"]
[Black "Choisy, Mathilde"]
[Result "1-0"]
[WhiteTitle "IM"]
[BlackTitle "WFM"]
[WhiteElo "2286"]
[BlackElo "2150"]
[WhiteFideId "2902265"]
[BlackFideId "634565"]
[EventDate "2013.08.11"]

1. e4 d6 2. d4 Nf6 3. Nc3 g6 4. Nf3 c6 5. h3 Bg7 6. Bd3 O-O 7. Be3 Nbd7 8. Qd2
e5 9. dxe5 Nxe5 10. Nxe5 dxe5 11. O-O Be6 12. Na4 b6 13. b4 Qc7 14. Qc3 Nh5 15.
Rfd1 Nf4 16. Bf1 Rfd8 17. a3 h5 18. Nb2 Kh7 19. a4 f5 20. f3 fxe4 21. fxe4 h4
22. Bf2 Qe7 23. Qe1 g5 24. a5 Rxd1 25. Rxd1 Bf6 26. axb6 axb6 27. Bxb6 g4 28.
hxg4 Bxg4 29. Bc5 Qg7 30. Rd6 h3 31. g3 Rg8 32. Kh2 Nh5 33. Nc4 Bg5 34. Be3 Bf3
35. Bxh3 Nf6 36. Bf5+ Kh8 37. Qf1 Bh4 38. Qxf3 Bxg3+ 39. Kh1 Ra8 40. Na5 Rf8 41.
Qg2 1-0

[Event "ch-FRA w 2013"]
[Site "Nancy FRA"]
[Date "2013.08.20"]
[Round "9.4"]
[White "Richard, Emma"]
[Black "Martsynovskaya, Marina"]
[Result "1-0"]
[BlackTitle "WIM"]
[WhiteElo "2108"]
[BlackElo "2156"]
[WhiteFideId "657590"]
[BlackFideId "609218"]
[EventDate "2013.08.11"]

1. d4 d5 2. g3 e6 3. Bg2 f5 4. Nh3 Nf6 5. O-O c5 6. c4 cxd4 7. cxd5 Nxd5 8. Qxd4
Nc6 9. Qa4 Bd7 10. e4 fxe4 11. Qxe4 Be7 12. Nf4 Nxf4 13. Bxf4 Bf6 14. Nc3 O-O
15. Rfd1 e5 16. Qd5+ Rf7 17. Be3 Qc8 18. Ne4 Be6 19. Qb5 Rd7 20. Rxd7 Bxd7 21.
Nd6 a6 22. Qd5+ Be6 23. Nxc8 1-0

[Event "ch-FRA w 2013"]
[Site "Nancy FRA"]
[Date "2013.08.20"]
[Round "9.5"]
[White "Maisuradze, Nino"]
[Black "Delorme, Laurie"]
[Result "1-0"]
[WhiteTitle "WGM"]
[BlackTitle "WIM"]
[WhiteElo "2288"]
[BlackElo "2183"]
[WhiteFideId "13601717"]
[BlackFideId "630829"]
[EventDate "2013.08.11"]

1. d4 d5 2. Nf3 Nf6 3. Bg5 e6 4. e3 c6 5. Bd3 Nbd7 6. O-O Be7 7. Nbd2 O-O 8. c3
c5 9. Qc2 h6 10. Bh4 b6 11. Rad1 Bb7 12. Rfe1 Rc8 13. h3 Ne8 14. Bg3 Bd6 15. Nf1
Bxg3 16. Nxg3 Nd6 17. Ne5 c4 18. Be2 f6 19. Ng6 Rf7 20. Bh5 Nf8 21. Ne2 Nxg6 22.
Bxg6 Re7 23. Nf4 f5 24. h4 Bc6 25. f3 Be8 26. e4 fxe4 27. fxe4 Bxg6 28. Nxg6 Rf7
29. exd5 exd5 30. Rf1 Ne4 31. Qe2 Rf6 32. Qg4 Rcc6 33. h5 Qe8 34. Rde1 Rxf1+ 35.
Rxf1 Nf6 36. Qf3 Re6 37. Rf2 Re1+ 38. Kh2 Re3 39. Qf5 Re4 40. Rf4 Re2 41. b3 b5
42. bxc4 bxc4 43. Qb1 Qc8 44. Qb4 Qc7 45. Qf8+ 1-0

[Event "ch-FRA w 2013"]
[Site "Nancy FRA"]
[Date "2013.08.21"]
[Round "10.1"]
[White "Delorme, Laurie"]
[Black "Congiu, Mathilde"]
[Result "0-1"]
[WhiteTitle "WIM"]
[BlackTitle "WIM"]
[WhiteElo "2183"]
[BlackElo "2190"]
[WhiteFideId "630829"]
[BlackFideId "634581"]
[EventDate "2013.08.11"]

1. d4 Nf6 2. c4 g6 3. Nc3 Bg7 4. e4 d6 5. Bd3 e5 6. d5 a5 7. Nge2 Na6 8. O-O O-O
9. Ng3 c6 10. f3 Bd7 11. Be3 cxd5 12. cxd5 Nc5 13. Bb5 Ne8 14. Qd2 Bxb5 15. Nxb5
Qd7 16. Qe2 h5 17. Rfc1 b6 18. b3 h4 19. Nf1 f5 20. Nd2 h3 21. a3 f4 22. Bf2 Qd8
23. b4 Nd7 24. Nc4 Qg5 25. Bxb6 axb4 26. axb4 Rb8 27. Ra6 Rf7 28. Nba3 Ndf6 29.
Rf1 Bf8 30. Rf2 Rfb7 31. Ba5 Rc8 32. Rc6 Rcb8 33. Kf1 Nh5 34. gxh3 Qh4 35. Ke1
Be7 36. Kd2 Qxh3 37. b5 Rxb5 38. Nxb5 Rxb5 39. Rc8 Qxc8 40. Rg2 Kh7 0-1

[Event "ch-FRA w 2013"]
[Site "Nancy FRA"]
[Date "2013.08.21"]
[Round "10.2"]
[White "Safranska, Anda"]
[Black "Collas, Silvia"]
[Result "1/2-1/2"]
[WhiteTitle "WGM"]
[BlackTitle "IM"]
[WhiteElo "2312"]
[BlackElo "2286"]
[WhiteFideId "11600209"]
[BlackFideId "2902265"]
[EventDate "2013.08.11"]

1. e4 e5 2. Nf3 d6 3. Bc4 Be6 4. d3 h6 5. Nbd2 Nc6 6. c3 Bxc4 7. Nxc4 Nf6 8. O-O
Be7 9. Re1 O-O 10. a4 Kh7 11. Ne3 g6 12. Qd2 Rh8 13. b4 a6 14. Nd5 Bf8 15. c4
Bg7 16. Bb2 a5 17. b5 Nxd5 18. cxd5 Nb8 19. Rec1 Nd7 20. Qc2 Rc8 21. Ba3 h5 22.
Qd1 b6 23. Rc4 g5 24. Rac1 g4 25. Nd2 Nc5 26. Bxc5 dxc5 27. Nb1 Qg5 28. Qe2 Rcd8
29. Rf1 Bh6 30. Rc2 Rd6 31. Na3 Rf6 32. Nc4 h4 33. f3 g3 34. h3 Rb8 35. Ra2 Qh5
36. Rb1 Bf4 37. Kf1 Qg5 38. Ke1 Kh6 39. Kd1 Rg6 40. Kc2 Kh7 41. Kb3 Kh6 42. Rc2
Kg7 43. Re1 Rf6 44. Qd1 Kh6 45. Ree2 Kg7 46. Qe1 Rb7 47. Nb2 Rd6 48. Qd1 Rb8 49.
Nc4 Rh6 50. Nb2 1/2-1/2

[Event "ch-FRA w 2013"]
[Site "Nancy FRA"]
[Date "2013.08.21"]
[Round "10.3"]
[White "Choisy, Mathilde"]
[Black "Milliet, Sophie"]
[Result "0-1"]
[WhiteTitle "WFM"]
[BlackTitle "IM"]
[WhiteElo "2150"]
[BlackElo "2401"]
[WhiteFideId "634565"]
[BlackFideId "623725"]
[EventDate "2013.08.11"]

1. d3 c5 2. g3 Nc6 3. Bg2 g6 4. Nf3 Bg7 5. O-O d5 6. a3 e5 7. Nc3 Nge7 8. Rb1
O-O 9. Nd2 Be6 10. Na4 b6 11. b4 cxb4 12. axb4 Rc8 13. c3 Qd7 14. e4 f5 15. b5
Na5 16. exd5 Bxd5 17. Bxd5+ Qxd5 18. Ba3 Rfe8 19. Qf3 e4 20. Qe2 Qxd3 21. Qxd3
exd3 22. Rfe1 Nd5 23. Rxe8+ Rxe8 24. c4 Nc3 25. Nxc3 Bxc3 26. Bb4 Bxd2 27. Bxd2
Nxc4 28. Rd1 Nxd2 29. Rxd2 Rd8 30. Kf1 Kf7 31. Ke1 Ke6 32. Ra2 Rd7 33. Kd2 Kd5
34. h4 Kc4 35. Rb2 Re7 0-1

[Event "ch-FRA w 2013"]
[Site "Nancy FRA"]
[Date "2013.08.21"]
[Round "10.4"]
[White "Navrotescu, Andreea-Cristiana"]
[Black "Richard, Emma"]
[Result "1-0"]
[WhiteTitle "WFM"]
[WhiteElo "2110"]
[BlackElo "2108"]
[WhiteFideId "675946"]
[BlackFideId "657590"]
[EventDate "2013.08.11"]

1. d4 e6 2. c4 d5 3. cxd5 exd5 4. Nc3 Nf6 5. Bg5 c6 6. Qc2 Be7 7. e3 b6 8. Nf3
O-O 9. Bd3 h6 10. Bh4 Nbd7 11. O-O c5 12. Rfd1 Bb7 13. Rac1 Rc8 14. Bf5 cxd4 15.
Rxd4 Ne4 16. Bxd7 Rxc3 17. bxc3 Bxh4 18. Nxh4 Qxh4 19. f3 Qe7 20. fxe4 Qxd7 21.
exd5 Re8 22. e4 Qd6 23. Qf2 f6 24. Re1 Rc8 25. Rd3 Ba6 26. Rg3 Rc4 27. Qf5 Qc5+
28. Kh1 Rxc3 29. Qxf6 Rxg3 30. Qe6+ Kh8 31. hxg3 Bb5 32. d6 Qc6 33. Qf5 Qc3 34.
Qf2 Bd7 35. e5 Be6 36. Qe3 Qc6 37. Rf1 Bd5 38. Rf8+ Kh7 39. Qd2 g6 40. Rf6 Kg7
41. d7 Qxd7 42. Rd6 Qh3+ 43. Kg1 1-0

[Event "ch-FRA w 2013"]
[Site "Nancy FRA"]
[Date "2013.08.21"]
[Round "10.5"]
[White "Martsynovskaya, Marina"]
[Black "Maisuradze, Nino"]
[Result "0-1"]
[WhiteTitle "WIM"]
[BlackTitle "WGM"]
[WhiteElo "2156"]
[BlackElo "2288"]
[WhiteFideId "609218"]
[BlackFideId "13601717"]
[EventDate "2013.08.11"]

1. e4 c5 2. Nf3 d6 3. d4 cxd4 4. Nxd4 Nf6 5. Nc3 a6 6. Be2 e5 7. Nf3 Be7 8. O-O
O-O 9. Re1 Nbd7 10. a4 b6 11. Bf1 Bb7 12. Bg5 Rc8 13. Nd2 d5 14. exd5 Nxd5 15.
Bxe7 Nxe7 16. Nc4 Rc5 17. Nd6 Bc8 18. Nxc8 Qxc8 19. Bxa6 Qxa6 20. Qxd7 Nc6 21.
Rad1 Nd4 22. Rd2 h6 23. f4 Nc6 24. fxe5 Rd8 25. Qxd8+ Nxd8 26. Rxd8+ Kh7 27. e6
fxe6 28. Rxe6 Qc4 29. Re4 Qf7 30. Rd2 Rf5 31. Re1 Qc4 32. Rde2 Qb4 33. Nd1 Qxa4
34. b3 Qd4+ 35. Ne3 Re5 36. Rd1 Qxd1+ 0-1

[Event "ch-FRA w 2013"]
[Site "Nancy FRA"]
[Date "2013.08.21"]
[Round "10.6"]
[White "Hamdouchi, Adina-Maria"]
[Black "Leconte, Maria"]
[Result "0-1"]
[WhiteTitle "WGM"]
[BlackTitle "WGM"]
[WhiteElo "2211"]
[BlackElo "2246"]
[WhiteFideId "1206435"]
[BlackFideId "618446"]
[EventDate "2013.08.11"]

1. d4 e6 2. Nf3 Nf6 3. Bf4 b6 4. e3 Bb7 5. Nbd2 g6 6. Bd3 Bg7 7. h3 d6 8. O-O
Nbd7 9. Bh2 O-O 10. e4 d5 11. e5 Ne8 12. Re1 c5 13. c3 Nc7 14. Nf1 b5 15. h4 c4
16. Bc2 f5 17. Bf4 b4 18. Qd2 a5 19. h5 gxh5 20. Ng3 Qe8 21. Bd1 Rf7 22. Ng5 Re7
23. Bxh5 Qc8 24. Kf1 Nf8 25. Ke2 Nb5 26. a4 bxa3 27. bxa3 a4 28. Reb1 Bc6 29.
Rb4 Be8 30. Bf3 Rb7 31. Nxf5 exf5 32. Bxd5+ Kh8 33. Rxc4 Rc7 34. Rxc7 Nxc7 35.
Bxa8 Qxa8 36. f3 Qa6+ 37. Kf2 Nd5 38. Rb1 Qc8 39. Rc1 Qc4 40. g3 Kg8 41. Qe2 Qb3
42. Bd2 Qxa3 43. Qc4 Qb3 44. Qc8 Qa2 45. Ke1 Bd7 46. Qc5 h6 47. c4 Nc7 48. Qxc7
hxg5 49. f4 Qb3 50. Rc3 Qb1+ 51. Kf2 Qd1 52. Be3 Qh1 53. fxg5 Qh2+ 54. Kf3 Be8
55. Bf2 Bh5+ 56. Ke3 Qg2 57. g4 Bxg4 0-1

[Event "ch-FRA w 2013"]
[Site "Nancy FRA"]
[Date "2013.08.22"]
[Round "11.1"]
[White "Congiu, Mathilde"]
[Black "Martsynovskaya, Marina"]
[Result "1-0"]
[WhiteTitle "WIM"]
[BlackTitle "WIM"]
[WhiteElo "2190"]
[BlackElo "2156"]
[WhiteFideId "634581"]
[BlackFideId "609218"]
[EventDate "2013.08.11"]

1. e4 e5 2. Bc4 Nc6 3. Nf3 Nf6 4. d3 Be7 5. c3 O-O 6. O-O d6 7. a4 h6 8. a5 Nh7
9. a6 b6 10. b4 Nb8 11. d4 Nd7 12. Bb5 Ng5 13. Bxg5 hxg5 14. Bc6 Rb8 15. h3 exd4
16. cxd4 Nf6 17. Nxg5 d5 18. e5 Ne8 19. f4 f6 20. Qf3 1-0

[Event "ch-FRA w 2013"]
[Site "Nancy FRA"]
[Date "2013.08.22"]
[Round "11.3"]
[White "Collas, Silvia"]
[Black "Hamdouchi, Adina-Maria"]
[Result "1/2-1/2"]
[WhiteTitle "IM"]
[BlackTitle "WGM"]
[WhiteElo "2286"]
[BlackElo "2211"]
[WhiteFideId "2902265"]
[BlackFideId "1206435"]
[EventDate "2013.08.11"]

1. e4 d6 2. d4 Nf6 3. Nc3 g6 4. Nf3 Bg7 5. Be2 O-O 6. O-O Nc6 7. Be3 Bg4 8. Qd2
e5 9. dxe5 dxe5 10. Qxd8 Rfxd8 11. Rfd1 a6 12. h3 Bxf3 13. Bxf3 Rxd1+ 14. Rxd1
Rd8 15. Rxd8+ Nxd8 16. Kf1 Kf8 17. Ke2 Ke7 18. Kd2 Kd7 19. Ke2 Ke7 20. Kd2 Kd7
21. Ke2 Ke7 1/2-1/2

[Event "ch-FRA w 2013"]
[Site "Nancy FRA"]
[Date "2013.08.22"]
[Round "11.5"]
[White "Leconte, Maria"]
[Black "Delorme, Laurie"]
[Result "1-0"]
[WhiteTitle "WGM"]
[BlackTitle "WIM"]
[WhiteElo "2246"]
[BlackElo "2183"]
[WhiteFideId "618446"]
[BlackFideId "630829"]
[EventDate "2013.08.11"]

1. e4 e5 2. Nf3 Nc6 3. Bb5 Nf6 4. Qe2 a6 5. Ba4 b5 6. Bb3 Bc5 7. a4 Rb8 8. axb5
axb5 9. d3 h6 10. O-O O-O 11. Be3 Bxe3 12. fxe3 d6 13. Nh4 Ne7 14. Nd2 Bg4 15.
Qe1 Nd7 16. Qg3 Be6 17. Bxe6 fxe6 18. Qg4 Rxf1+ 19. Nxf1 Nf8 20. Ng3 Nc6 21. Nh5
Qg5 22. Qxg5 hxg5 23. Nf3 g4 24. Ng5 Nb4 25. Rf1 Nh7 26. Nxe6 Rc8 27. Nhxg7 Nxc2
28. Nf5 Ra8 29. Ne7+ Kh8 30. Rf7 1-0